1-20 Clickable Mines Quiz Stats

Quiz Updated Apr 3, 2015

Challenge
Share
Tweet
Embed
Score 0/200 Timer 04:00
22 Plays Today
% Correct
???
59.9%
???
59.9%
???
59.9%
???
59.8%
???
59.8%
???
59.8%
???
59.8%
???
59.8%
???
59.8%
???
59.8%
???
59.2%
???
59.2%
???
59.2%
???
59.2%
???
59.2%
???
59.2%
???
59.2%
???
59.1%
???
59.1%
???
59.1%
???
58.6%
???
58.6%
???
58.6%
???
58.6%
???
58.6%
???
58.6%
???
58.6%
???
58.6%
???
58.6%
???
58.6%
???
58.2%
???
58.2%
???
58.1%
???
58.1%
???
58.1%
???
58.1%
???
58.1%
???
58.1%
???
58.1%
???
58.1%
???
57.6%
???
57.6%
???
57.6%
???
57.6%
???
57.6%
???
57.6%
???
57.6%
???
57.6%
???
57.6%
???
57.5%
???
57.1%
???
57.1%
???
57.1%
???
57%
???
57%
???
57%
???
57%
???
57%
???
57%
???
57%
???
56.7%
???
56.7%
???
56.7%
???
56.7%
???
56.6%
???
56.6%
???
56.6%
% Correct
???
56.6%
???
56.6%
???
56.6%
???
56.2%
???
56.2%
???
56.1%
???
56.1%
???
56.1%
???
56.1%
???
56.1%
???
56.1%
???
56.1%
???
56%
???
55.7%
???
55.7%
???
55.6%
???
55.6%
???
55.6%
???
55.6%
???
55.6%
???
55.6%
???
55.6%
???
55.6%
???
55.2%
???
55.2%
???
55.2%
???
55.2%
???
55.2%
???
55.2%
???
55.2%
???
55.2%
???
55.1%
???
55.1%
???
54.8%
???
54.8%
???
54.8%
???
54.8%
???
54.8%
???
54.8%
???
54.7%
???
54.7%
???
54.7%
???
54.7%
???
54.4%
???
54.3%
???
54.3%
???
54.3%
???
54.3%
???
54.3%
???
54.3%
???
54.3%
???
54.3%
???
54.2%
???
53.9%
???
53.9%
???
53.9%
???
53.9%
???
53.8%
???
53.8%
???
53.8%
???
53.8%
???
53.8%
???
53.8%
???
53.5%
???
53.5%
???
53.5%
???
53.5%
% Correct
???
53.5%
???
53.5%
???
53.4%
???
53.5%
???
53.4%
???
53.4%
???
53.1%
???
53.1%
???
53%
???
53%
???
53%
???
53%
???
53%
???
53%
???
53%
???
52.9%
???
52.6%
???
52.6%
???
52.6%
???
52.6%
???
52.6%
???
52.5%
???
52.5%
???
52.5%
???
52.5%
???
52.5%
???
52.2%
???
52.2%
???
52.2%
???
52.2%
???
52.2%
???
52.2%
???
52.2%
???
52.2%
???
52.1%
???
52.1%
???
51.8%
???
51.8%
???
51.7%
???
51.7%
???
51.7%
???
51.7%
???
51.7%
???
51.7%
???
51.7%
???
51.7%
???
51.4%
???
51.3%
???
51.3%
???
51.3%
???
51.3%
???
51.3%
???
51.3%
???
51.3%
???
51.3%
???
51.3%
???
51%
???
51%
???
51%
???
50.9%
???
51%
???
50.9%
???
50.9%
???
50.9%
???
50.9%
???
50.9%

You're not logged in!

Compare scores with friends on all Sporcle quizzes.
Sign Up with Email
OR
Log In

You Might Also Like...

Show Comments

Extras

Top Quizzes Today


Score Distribution

Your Account Isn't Verified!

In order to create a playlist on Sporcle, you need to verify the email address you used during registration. Go to your Sporcle Settings to finish the process.